Central Library OPAC University of Rajshahi

Physical education handbook (Record no. 50018)

MARC details
000 -LEADER
fixed length control field 00651nam a2200217 a 4500
001 - CONTROL NUMBER
control field 50018
003 - CONTROL NUMBER IDENTIFIER
rucl marc code BD-RjUL
005 - DATE AND TIME OF LATEST TRANSACTION
control field 20211209075438.0
008 - FIXED-LENGTH DATA ELEMENTS--GENERAL INFORMATION
fixed length control field 160823m19651951njua 000 0 eng
035 ## - SYSTEM CONTROL NUMBER
System control number (BD-RjUL)50138
040 ## - CATALOGING SOURCE
Original cataloging agency DLC
Transcribing agency DLC
Modifying agency DLC
-- BD-RjUL
Language of cataloging eng
041 ## - LANGUAGE CODE
Language code of text/sound track or separate title eng
082 00 - DEWEY DECIMAL CLASSIFICATION NUMBER
Classification number 796
Edition number 23
Author mark and year PHY 1965
245 10 - TITLE STATEMENT
Title Physical education handbook
Statement of responsibility, etc. Don Cash Seaton [and others]
250 ## - EDITION STATEMENT
Edition statement 4th ed.
260 ## - PUBLICATION, DISTRIBUTION, ETC. (IMPRINT)
Place of publication, distribution, etc. Englewood Cliffs, N.J. :
Name of publisher, distributor, etc. Prentice-Hall,
Date of publication, distribution, etc. 1965.
300 ## - PHYSICAL DESCRIPTION
Pagination xii, 356 p.
Illustrations ill ;
Size 28 cm.
650 #0 - SUBJECT ADDED ENTRY--TOPICAL TERM
Topical term or geographic name as entry element Physical education and training
Form subdivision Study and teaching
9 (RLIN) 149899
700 ## - ADDED ENTRY--PERSONAL NAME
Personal name Seaton, Don Cash
942 ## - ADDED ENTRY ELEMENTS (KOHA)
Source of classification or shelving scheme Dewey Decimal Classification
Koha item type Books
Holdings
Lost status Source of classification or shelving scheme Damaged status Not for loan Collection code Permanent Location Current Location Shelving location Date acquired Source of acquisition Cost, normal purchase price Total Checkouts Full call number Date last seen Copy number Koha item type
  Dewey Decimal Classification     Non-fiction Central Library, University of Rajshahi Central Library, University of Rajshahi   25/08/1969 Zeithinger 50.00   796 PHY 1965 23/08/2016 C-2 Books
  Dewey Decimal Classification     Non-fiction Central Library, University of Rajshahi Central Library, University of Rajshahi   25/08/1969 Zeetlinger 50.00   796 PHY 1965 22/09/2016 C-3 Books